Statistics for Teenage Fever - Drake Lyrics

Click here to take the quiz!

General Stats

  • This quiz has been taken 75 times
  • The average score is 174 of 215

Answer Stats

HintLyrics% Correct
I
98%
me?
96%
you,
96%
you
96%
You
96%
all
91%
and
91%
And
91%
the
91%
if
89%
ChorusIf
89%
it
89%
love
89%
my
89%
so
89%
be
87%
gave
87%
I'm
87%
This
87%
this
87%
to
87%
we
87%
would
87%
your
87%
Verse1Your
87%
feel
85%
have
85%
is
85%
like
85%
on
85%
teenage
85%
trust
85%
what
85%
after
83%
dark
83%
fever
83%
heart
83%
of
83%
carry
81%
had
81%
know
81%
mind
81%
mind,
81%
night
81%
sh*t
81%
that
81%
when
81%
hard
79%
last
79%
Last
79%
scared
79%
are
77%
ain't
74%
been
74%
look
74%
second
74%
she
74%
what's
74%
around
72%
comfort
72%
could
72%
how
72%
say
72%
shawty
72%
should
72%
stayed
72%
Why
72%
at
70%
body
70%
either
70%
far
70%
feels
70%
for
70%
friends
70%
guess?
70%
tell
70%
time
70%
tonight
70%
back
68%
both
68%
but
68%
'Cause
68%
Going
68%
going
68%
just
68%
lie
68%
not
68%
someone
68%
there
68%
too
68%
kicked
66%
knew
66%
met
66%
new
66%
Verse2Out
66%
somehow
66%
That's
66%
thought
66%
way
66%
start
64%
word,
64%
about
62%
from
62%
girl,
62%
went
62%
always
60%
blame
60%
Funny
60%
didn't
57%
it's
57%
untrue
55%
You're
55%

Score Distribution

Percentile by Number Answered

Percent of People with Each Score

Your Score History

You have not taken this quiz